| 000 | 02176 a2200205 4500 | ||
|---|---|---|---|
| 001 | 24773 | ||
| 005 | 20260407155530.0 | ||
| 008 | 260407a1997 arg spa d | ||
| 003 | AR-UNSa-BCEJYS | ||
| 040 |
_aAR-UNSa-BCEJYS _bspa _cAR-UNSa-BCEJYS |
||
| 080 |
_a657.3 _xPresupuestos. Cierre de Cuentas. Balances (Estados Contables) |
||
| 245 | 1 | 0 |
_aLos balances _pTratado sobre los estados contables |
| 020 | _a950-739-534-2 | ||
| 264 | 1 |
_aBuenos Aires : _bErrepar _c1997 |
|
| 300 |
_a2 v. _c21 cm. |
||
| 505 | _a1. Vol. I: 1. El derecho de control e información – 2. El derecho de información del accionista – 3. Normas societarias de aplicación – 4. Información y principios contables – 5. Estados contables: concepto, finalidad y clases – 6. Valuación y ajuste por inflación – 7. Estados contables de ejercicio: normas generales – 8. Estado de situación patrimonial o balance general: pautas generales – 9. Estado de situación patrimonial o balance general: activo – 10. Estado de situación patrimonial o balance general: pasivo – 11. Estado de situación patrimonial o balance general: el patrimonio neto y su estado de evolución – 12. Estado de resultado – 13. Información complementaria – Vol. II: 14. Estado de origen y aplicación de fondos – 15. Estados consolidados – 16. Información comparativa – 17. Presentación de estados contables – 18. El informe de los estados contables – 19. Elaboración, aprobación e impugnación de los estados contables – 20. Estados contables especiales: Introducción – 21. El balance impositivo – 22. Estado contables proyectados – 23. Balance de apertura – 24. Balance de transformación – 25. Balance de fusión – 26. Balance de escisión – 27. Balance de receso – 28. Balance de separación del socio – 29. Balance de cesión de paquetes accionarios – 30. Balance de liquidación – 31. Estados contables e informes sobre concursos y quiebra – 32. Estados contables de los agrupamientos empresarios – 33. Estados contables de entes sin fines de lucro. | ||
| 942 | _cBK | ||
| 590 | _aniveau_biblio:m niveau_hierar:0 | ||
| 100 | 1 | _aVerón, Alberto Víctor | |
| 999 |
_c1219 _d1219 |
||